000 00414nam a2200145 a 4500
001 000033252
005 20200930070128.0
008 110823s1974 dr 000 0 spa d
040 _aDO-SdBNP
_bspa
_cBNPHU
082 _axxx
_bC762p
100 1 _aContín Cuesta, Diógenes
_958873
245 1 0 _aPericles creador /
_cDiógenes Contín Cuesta.
260 _aSanto Domingo :
_b[s.n.],
_c1974.
300 _a37 p. ;
_c23 cm.
999 _c32743
_d32743